Stavebnicovo-flexibilná koncepcia montážnych zariadení = Modular-flexible conception of assembly processes : Bakalárska práca

Enregistré dans:
Détails bibliographiques
Auteur principal: Pucheľ, Matúš (Auteur)
Autres auteurs: Ružarovský, Roman, 1979- (xxx)
Format: Manuscrit Livre
Langue:slovaque
Publié: Trnava : STU v Bratislave MTF UVSM KTZS, 2007
Sujets:
Tags: Ajouter un tag
Pas de tags, Soyez le premier à ajouter un tag!

MARC

LEADER 00000ntm a22000003a 4500
001 stu146239
005 20160719155655.8
008 071005s2007----xo------------------slo-d
040 |a STU  |b slo 
041 0 |a slo 
044 |a xo 
100 1 |a Pucheľ, Matúš  |4 aut 
245 1 |a Stavebnicovo-flexibilná koncepcia montážnych zariadení = Modular-flexible conception of assembly processes :  |b Bakalárska práca 
260 |a Trnava :  |b STU v Bratislave MTF UVSM KTZS,  |c 2007 
300 |a 62 s  |c 1 CD-ROM 
500 |a Odbor: Technologické zariadenia a systémy 
650 7 |a automatizovaná montáž  |2 stusub 
650 7 |a montážna bunka  |2 stusub 
700 1 |a Ružarovský, Roman,  |d 1979-  |4 xxx  |u M2000  |U MTF Materiálovotechnologická fakulta  |T MTF Ústav výrobných systémov a aplikovanej mechaniky  |X 30883  |U M2000  |Y 82  |7 A000030883 
996 |b 284M066148  |c M*BP-2569  |l MMSKP  |s P  |a 0  |w stu146239_0001